The prince : (Record no. 15023)
[ view plain ]
| 000 -LEADER | |
|---|---|
| fixed length control field | 01871nam a2200229 a 4500 |
| 001 - CONTROL NUMBER | |
| control field | ASIN0061189421 |
| 003 - CONTROL NUMBER IDENTIFIER | |
| control field | OSt |
| 005 - DATE AND TIME OF LATEST TRANSACTION | |
| control field | 20170105102909.0 |
| 008 - FIXED-LENGTH DATA ELEMENTS--GENERAL INFORMATION | |
| fixed length control field | 131025s2008 xxu eng d |
| 020 ## - INTERNATIONAL STANDARD BOOK NUMBER | |
| International Standard Book Number | 0061189421 (paperback) |
| Terms of availability | $18.95 |
| 020 ## - INTERNATIONAL STANDARD BOOK NUMBER | |
| International Standard Book Number | 9780061189425 (paperback) |
| 040 ## - CATALOGING SOURCE | |
| Original cataloging agency | 0 |
| 082 ## - DEWEY DECIMAL CLASSIFICATION NUMBER | |
| Classification number | 327.538 |
| Author Mark | SIM 2008 |
| 100 1# - MAIN ENTRY--PERSONAL NAME | |
| Personal name | Simpson, William. |
| 245 14 - TITLE STATEMENT | |
| Title | The prince : |
| Remainder of title | the secret story of the world's most intriguing royal, prince bandar bin sultan / |
| Statement of responsibility, etc. | William Simpson. |
| 250 ## - EDITION STATEMENT | |
| Edition statement | Reprint ed. |
| 260 ## - PUBLICATION, DISTRIBUTION, ETC. | |
| Place of publication, distribution, etc. | [S.l.] : |
| Name of publisher, distributor, etc. | William Morrow Paperbacks, |
| Date of publication, distribution, etc. | 2008. |
| 300 ## - PHYSICAL DESCRIPTION | |
| Extent | 496 p. ; |
| Dimensions | 23 cm. |
| 520 ## - SUMMARY, ETC. | |
| Summary, etc. | For the last two and a half decades—through war, oil crises, and global terrorism—the United States and Saudi Arabia have had a very special relationship, thanks in no small part to one man: Prince Bandar bin Sultan. The illegitimate son of a Saudi prince and a servant girl, he used his vital behind-the-scenes influence to convince Gorbachev to withdraw the Soviet military from Afghanistan and helped President Reagan and CIA Director William Casey to win the Cold War with Saudi petrodollars. A Machiavellian manipulator, he negotiated an end to the Iran-Iraq war and played a key role in the Iran-Contra affair. George H. W. Bush took Bandar and his family fishing. Colin Powell would drop by to play racquetball. In this revealing biography, William Simpson pulls back the curtain on the fascinating and startling life of an extraordinary power-player who emerged as one of the driving forces behind American foreign policy throughout the 1980s and '90s. At a time when understanding our friends is as important as knowing our enemies, understanding Prince Bandar bin Sultan may well be the key to figuring out the Saudis. |
| 856 40 - ELECTRONIC LOCATION AND ACCESS | |
| Materials specified | Amazon.com |
| Uniform Resource Identifier | <a href="http://www.amazon.com/exec/obidos/ASIN/0061189421/chopaconline-20">http://www.amazon.com/exec/obidos/ASIN/0061189421/chopaconline-20</a> |
| 942 ## - ADDED ENTRY ELEMENTS (KOHA) | |
| Source of classification or shelving scheme | |
| Koha item type | Book |
| Withdrawn status | Lost status | Damaged status | Not for loan | Collection code | Permanent Location | Current Location | Shelving location | Date acquired | Total Checkouts | Full call number | Barcode | Date last seen | Price effective from | Koha item type |
|---|---|---|---|---|---|---|---|---|---|---|---|---|---|---|
| Centre for International Peace & Stability (CIPS) | Centre for International Peace & Stability (CIPS) | General Stacks | 10/01/2013 | 327.538 SIM 2008 | CIPS0001599 | 10/25/2013 | 10/25/2013 | Book |
